| Tag |
First Indicator |
Second Indicator |
Subfields |
| LEADER |
00000cam a2200000 i 4500 |
| 001 |
in00003607921 |
| 005 |
20170928110230.0 |
| 008 |
150306s2014 is ab b 001 0 eng c |
| 020 |
|
|
|a 9789652210951
|
| 020 |
|
|
|a 9652210951
|
| 024 |
8 |
|
|a 40025150499
|
| 029 |
1 |
|
|a AU@
|b 000054760312
|
| 035 |
|
|
|a (OCoLC)ocn904542162
|
| 035 |
|
|
|a (OCoLC)904542162
|
| 040 |
|
|
|a ERASA
|b eng
|e rda
|c ERASA
|d UBY
|d BTCTA
|d UBY
|d YYP
|d OCLCF
|d YDXCP
|d LMR
|d OCLCQ
|d UtOrBLW
|
| 041 |
1 |
|
|a eng
|h heb
|
| 042 |
|
|
|a pcc
|
| 043 |
|
|
|a a-is---
|
| 049 |
|
|
|a TXAM
|
| 050 |
|
4 |
|a DS110.L3
|b U87 2014
|
| 082 |
0 |
4 |
|a 932-933
|
| 100 |
1 |
|
|a Ussishkin, David,
|e author.
|0 http://id.loc.gov/authorities/names/no2015056840
|
| 240 |
1 |
0 |
|a Lakhish bi-teḳufat ha-Miḳra.
|l English
|
| 245 |
1 |
0 |
|a Biblical Lachish :
|b a tale of construction, destruction, excavation and restoration /
|c David Ussishkin.
|
| 264 |
|
1 |
|a Jerusalem :
|b Israel Exploration Society :
|b Biblical Archaeology Society,
|c 2014.
|
| 300 |
|
|
|a 446 pages :
|b color illustrations, maps ;
|c 26 cm
|
| 336 |
|
|
|a text
|b txt
|2 rdacontent
|
| 336 |
|
|
|a still image
|b sti
|2 rdacontent
|
| 336 |
|
|
|a cartographic image
|b cri
|2 rdacontent
|
| 337 |
|
|
|a unmediated
|b n
|2 rdamedia
|
| 338 |
|
|
|a volume
|b nc
|2 rdacarrier
|
| 546 |
|
|
|a Tranlated from the Hebrew, Lakhish bi-teḳufat ha-Miḳra, 2013.
|
| 504 |
|
|
|a Includes bibliographical references (pages 423-430) and index.
|
| 520 |
|
|
|a Biblical Lachish was one of the most important cities in the Land of Israel for over 3,000 years. It played a central historical role during the period of rule by the kings of Canaan, followed by the kings of Israel and Judah. In the second millennium BCE Lachish was a large Canaanite city-state and during the Kingdom of Judah, a fortified city, second in importance only to Jerusalem. During Sennacherib's campaign to Judah, the Assyrian army lay siege to Lachish and conquered the city in a fierce battle. The unique importance of Lachish, the extensive archaeological excavations conducted there and the finds uncovered have made Tel Lachish a key site for the study of the history of the Land of Israel in the Biblical period. This book presents a general readership with the history of Lachish in light of the excavations conducted at the site, focusing upon the excavations carried out from 1973 to 1994 under the direction of David Ussishkin.
|
| 650 |
|
0 |
|a Excavations (Archaeology)
|z Israel
|z Lachish.
|
| 651 |
|
0 |
|a Lachish (Israel)
|x Historical geography.
|
| 651 |
|
0 |
|a Lachish (Israel)
|x Antiquities.
|
| 651 |
|
0 |
|a Lachish (Israel)
|x History.
|
| 650 |
|
7 |
|a Antiquities.
|2 fast
|0 (OCoLC)fst00810745
|
| 650 |
|
7 |
|a Excavations (Archaeology)
|2 fast
|0 (OCoLC)fst00917564
|
| 650 |
|
7 |
|a Historical geography.
|2 fast
|0 (OCoLC)fst00958122
|
| 651 |
|
7 |
|a Israel
|z Lachish.
|2 fast
|0 (OCoLC)fst01210250
|
| 655 |
|
7 |
|a History.
|2 fast
|0 (OCoLC)fst01411628
|
| 700 |
1 |
|
|a Vamosh, Miriam Feinberg,
|e translator.
|0 http://id.loc.gov/authorities/names/nr2004002157
|
| 710 |
2 |
|
|a Ḥevrah la-ḥaḳirat Erets-Yiśraʼel ṿe-ʻatiḳoteha,
|e issuing body.
|0 http://id.loc.gov/authorities/names/n80102198
|
| 710 |
2 |
|
|a Biblical Archaeology Society,
|e issuing body.
|0 http://id.loc.gov/authorities/names/n85004019
|
| 938 |
|
|
|a Baker and Taylor
|b BTCP
|n BK0016732472
|
| 938 |
|
|
|a Erasmus Boekhandel
|b ERAA
|n NTS0000197012
|
| 938 |
|
|
|a YBP Library Services
|b YANK
|n 12221981
|
| 947 |
|
|
|a A14843346488
|
| 945 |
|
|
|a PromptCat
|b 439305
|
| 946 |
|
|
|a stk
|
| 994 |
|
|
|a 92
|b TXA
|
| 948 |
|
|
|a Cataloged
|b h
|c 2016/1/6
|d c
|e AReeder
|
| 999 |
f |
f |
|s 0c0fafb6-6b31-3780-b64f-7276e1042727
|i 095170f6-b147-34a6-aa57-2186a09059ae
|t 0
|
| 952 |
f |
f |
|p normal
|a Texas A&M University
|b College Station
|c Sterling C. Evans Library
|d Evans: Library Stacks
|t 0
|e DS110.L3 U87 2014
|h Library of Congress classification
|i unmediated -- volume
|m A14843346488
|
| 998 |
f |
f |
|a DS110.L3 U87 2014
|t 0
|l Evans: Library Stacks
|